• 首页
  • 本馆介绍
  • 公告通知
  • 最新文献
  • 馆藏检索
  • 电子资源
  • 读者导购
  • 参考咨询
  • 我的图书馆
  • 登录
  • 详细信息显示
  • 放入我的书架
  • 预约/预借图书
  • 作者相关作品
  • 分类相关作品
  • 丛书相关作品
  • 出版社相关作品

书目信息

  • 表格格式
  • 工作单格式
  • 卡片格式
题名:
公路行业职业危害与防护
    
 
作者: 湖北省交通运输厅公路管理局 主编
分册:  
出版信息: 北京   人民交通出版社股份有限公司  2017.4
页数:
开本: 26cm
丛书名:
单 册:
中图分类: R135
科图分类:
主题词: 公路运输--从业人员--职业病--防治
电子资源:
ISBN: 978-7-114-13580-4
000 00991nam0 2200229 450
001 0400003834
005 20171022150944.0
010    @a978-7-114-13580-4@dCNY48.00
100    @a20170111e2017 em y0chiy0110 ea
101 0  @achi
102    @aCN@b110000
105    @ay z 000yy
106    @ar
200 1  @a公路行业职业危害与防护@9gong lu hang ye zhi ye wei hai yu fang hu@f湖北省交通运输厅公路管理局主编
210    @a北京@c人民交通出版社股份有限公司@d2017.4
215    @d26cm
330    @a本书针对交通行业从业人员的劳动条件和工作环境,全面系统地介绍了公路交通职业危害评价与防护、公路交通职业健康保健与促进,全面的阐述了交通行业所需要解决的卫生保健问题,内容通俗易懂,符合目前交通行业卫生保健工作的需要,可供从事交通行业人员学习和有关卫生人员参考。
606 0  @a公路运输@x从业人员@x职业病@x防治
690    @aR135@v5
701  0 @a湖北省交通运输厅公路管理局@9hu bei sheng jiao tong yun shu ting gong lu guan li ju@4主编
801  0 @aCN@b91CIP@c20171022
905    @b1027141-5@dR135@f5@e126
    
    公路行业职业危害与防护/湖北省交通运输厅公路管理局主编.-北京:人民交通出版社股份有限公司,2017.4
    26cm
    
    
    ISBN 978-7-114-13580-4:CNY48.00
    本书针对交通行业从业人员的劳动条件和工作环境,全面系统地介绍了公路交通职业危害评价与防护、公路交通职业健康保健与促进,全面的阐述了交通行业所需要解决的卫生保健问题,内容通俗易懂,符合目前交通行业卫生保健工作的需要,可供从事交通行业人员学习和有关卫生人员参考。
●
相关链接 在E读中查询图书 在五车中查询图书 在当当中查询图书 在豆瓣中查询图书


正题名:公路行业职业危害与防护     索取号:R135/126         预约/预借

序号 登录号 条形码 馆藏地/架位号 状态 备注
1 1027141   210271418   第二样本阅览室/ [索取号:R135/126] 在馆    
2 1027142   210271427   第三借阅区/ [索取号:R135/126] 在馆    
3 1027143   210271436   密集书库-生命科学系/ [索取号:R135/126] 在馆    
4 1027144   210271445   第三借阅区/ [索取号:R135/126] 在馆    
5 1027145   210271454   第三借阅区/ [索取号:R135/126] 在馆    
唐山师范学院图书馆 欢迎您!
大连网信软件有限公司© 版权所有